| 000 | 00884nam a2200289 i 4500 | ||
|---|---|---|---|
| 001 | 000032219 | ||
| 003 | DO-SdBNP | ||
| 005 | 20250903113301.0 | ||
| 007 | ta | ||
| 008 | 110713s1987 dr 000 | spa d | ||
| 040 |
_aDO-SdBNP _bspa _cBNPHU _erda |
||
| 041 | _aspa | ||
| 049 | _aBNPD | ||
| 082 | 4 |
_a861.44 _bM827d _222 |
|
| 100 | 1 |
_aMora Serrano, Manuel, _d1933- _eautor _4aut. _95162 |
|
| 245 | 1 | 3 |
_aEl día que Dios oye al pobre / _cManuel Mora Serrano. |
| 264 | 1 |
_aSanto Domingo : _bEditorial Gente, _c1987. |
|
| 300 |
_a15 páginas ; _c22 cm. |
||
| 336 |
_atexto _btxt _2rdacontent |
||
| 337 |
_asin mediación _bn _2rdamedia |
||
| 338 |
_avolumen _bnc _2rdacarrier |
||
| 500 | _aIncluye datos biográficos del autor en la contracubierta. | ||
| 590 | _aInventariado, 2025/BT | ||
| 650 | 4 |
_aPoesía dominicana _966 |
|
| 650 | 4 |
_aLiteratura dominicana. _967 |
|
| 942 |
_2ddc _cLF2 |
||
| 999 |
_c31710 _d31710 |
||